Whole education : a new direction to fill the relavance gap
Αποθηκεύτηκε σε:
| Κύριος συγγραφέας: | |
|---|---|
| Μορφή: | Βιβλίο |
| Γλώσσα: | English |
| Δημοσίευση: |
Lanham :
University Press of America,
1994
|
| Θέματα: | |
| Ετικέτες: |
Προσθήκη ετικέτας
Δεν υπάρχουν, Καταχωρήστε ετικέτα πρώτοι!
|
MARC
| LEADER | 00000nam a2200000 i 4500 | ||
|---|---|---|---|
| 001 | 1/92258 | ||
| 008 | 991111s1994 eng d | ||
| 020 | |a 0-8191-9610-X | ||
| 035 | |l 10053981 | ||
| 040 | |a GR-MY-UA |b gre |e aacr | ||
| 041 | 0 | |a eng | |
| 082 | 0 | |a 373.01 | |
| 100 | 1 | |a Nasr, Raja T. | |
| 245 | 1 | 0 | |a Whole education : |b a new direction to fill the relavance gap / |c Raja T. Nasr |
| 260 | |a Lanham : |b University Press of America, |c 1994 | ||
| 300 | |a 123 p. | ||
| 650 | 0 | 0 | |a Education, Secondary |x Philosophy. |
| 650 | 0 | 0 | |a Education, Secondary |x Curricula. |
| 852 | |a INST |b RHODES |e 19991111 |h 373.01 NAS |p 005400014302 |q 005400014302 |t BK |y 0 | ||
| 901 | |a BIBL4-1999-3 | ||
| 909 | |a Ρ |b 069354 | ||
| 922 | |a 4ΕΛΗ |b 199910 |c ΚΠΣ/154 |d LEADER BOOKS | ||
| 970 | |a ΚΟΥΛΑΚΙΟΤΗ |b ΛΙΤΣΑ |z 1999/11/11 | ||